World Leaders: “Back in a Bit…” Quiz Stats

 Plays Quiz Updated Nov 10, 2018

Score 0/30 Timer 06:00
0 Plays Today
World leader Non-consecutive terms? % Correct
Winston Churchill- British PM???
88.3%
Grover Cleveland- US President???
81.1%
Vladimir Putin- Russian President???
79.8%
Nelson Mandela- So. African President???
78.8%
Franklin D. Roosevelt- US President???
77.9%
Anwar Sadat- Egyptian President???
73.9%
Silvio Berlusconi- Italian PM???
73.5%
Hideki Tojo- Japanese PM???
69.3%
Vicente Fox- Mexican President???
65.9%
Mustafa Kemal Atatürk- Turkish President???
63.4%
Harold Wilson- British PM???
59.5%
Lester B. Pearson- Canadian PM???
58.9%
Corazon Aquino- Philippine President???
57.6%
Helmut Kohl- German Chancellor???
57.4%
Benazir Bhutto- Pakistani PM???
56.9%
World leader Non-consecutive terms? % Correct
Keith Holyoake- New Zealander PM???
55.9%
Golda Meir- Israeli PM???
55.7%
Suharto- Indonesian President???
55.4%
Kevin Rudd- Australian PM???
54.5%
Robert Menzies- Australian PM???
53.1%
Jean-Bertrand Aristide- Haitian President???
52.1%
Peter Fraser- New Zealander PM???
51%
Juan Perón- Argentinian President???
50.1%
Felipe González- Spanish PM???
50%
Indira Gandhi- Indian PM???
49.1%
Michelle Bachelet- Chilean President???
48.6%
Pierre Elliott Trudeau- Canadian PM???
47.8%
Wim Kok- Dutch PM???
47.7%
Goh Kun- South Korean PM???
45.7%
Charles de Gaulle- French President???
42.5%

You're not logged in!

Compare scores with friends on all Sporcle quizzes.
OR
Log In

Show Comments

Extras

Top Quizzes Today


Score Distribution

Your Account Isn't Verified!

In order to create a playlist on Sporcle, you need to verify the email address you used during registration. Go to your Sporcle Settings to finish the process.

Report this User

Report this user for behavior that violates our Community Guidelines.

Details: